[Event "Barcelona Sant Marti op 12th"]
[Site "Barcelona"]
[Date "2010.07.20"]
[Round "8"]
[White "Gonzalez Rodriguez, Jose Antonio"]
[Black "Gonzalez Valenzuela, Didac"]
[Result "1-0"]
[WhiteElo "1846"]
[BlackElo "2156"]
[PlyCount "55"]
[EventDate "2010.07.13"]
[EventType "swiss"]
[EventRounds "9"]
[EventCountry "ESP"]
[SourceTitle "CBM 137 Extra"]
[Source "ChessBase"]
[SourceDate "2010.09.01"]
[SourceVersion "1"]
[SourceVersionDate "2010.09.01"]
[SourceQuality "1"]

1. b3 d5 2. e3 c5 3. Bb2 Nf6 4. Nf3 Nc6 5. Bb5 Bd7 6. 0-0 e6 7. Bxc6 Bxc6 8. Ne5 Rc8 9. d3 Be7 10. Nd2 0-0 11. f4 d4 12. e4 Nd7 13. Nxc6 Rxc6 14. a4 e5 15. f5 Bg5 16. Nf3 Be3+ 17. Kh1 Rh6 18. Bc1 Bxc1 19. Qxc1 Qe8 20. g4 Rc6 21. Qd2 b6 22. g5 f6 23. Rg1 Qh5 24. Rg3 Kh8 25. Qg2 fxg5 26. Nxg5 Nf6 27. Rg1 Rg8 28. Nf3 1-0

[Event "Barcelona op"]
[Site "Barcelona"]
[Date "2009.12.12"]
[Round "8"]
[White "Gonzalez Valenzuela, Didac"]
[Black "Gonzalez Verges, Alex"]
[Result "1-0"]
[WhiteElo "2147"]
[BlackElo "2107"]
[PlyCount "59"]
[EventDate "2009.12.05"]
[EventType "swiss"]
[EventRounds "9"]
[EventCountry "ESP"]
[SourceTitle "CBM 133 Extra"]
[Source "ChessBase"]
[SourceDate "2010.01.05"]
[SourceVersion "1"]
[SourceVersionDate "2010.01.05"]
[SourceQuality "1"]

1. d4 Nf6 2. c4 g6 3. Nc3 Bg7 4. e4 d6 5. f4 0-0 6. Nf3 c5 7. d5 e6 8. Be2 exd5 9. cxd5 b5 10. e5 dxe5 11. fxe5 Ng4 12. Bf4 Nd7 13. Bxb5 Ndxe5 14. 0-0 a6 15. Be2 Nxf3+ 16. Bxf3 Bd4+ 17. Kh1 Nf2+ 18. Rxf2 Bxf2 19. Qd2 Bd4 20. Rc1 Bb7 21. b4 f5 22. Na4 Bxd5 23. Bxd5+ Qxd5 24. Nb6 Qe4 25. Nxa8 Rxa8 26. bxc5 Rc8 27. Re1 Bc3 28. Qxc3 Qxf4 29. c6 Rc7 30. Qf6 1-0

[Event "Barcelona op"]
[Site "Barcelona"]
[Date "2009.12.08"]
[Round "4"]
[White "Gonzalez Valenzuela, Didac"]
[Black "Prats Rodriguez, Juan Bosco"]
[Result "1-0"]
[WhiteElo "2147"]
[BlackElo "2074"]
[PlyCount "71"]
[EventDate "2009.12.05"]
[EventType "swiss"]
[EventRounds "9"]
[EventCountry "ESP"]
[SourceTitle "CBM 133 Extra"]
[Source "ChessBase"]
[SourceDate "2010.01.05"]
[SourceVersion "1"]
[SourceVersionDate "2010.01.05"]
[SourceQuality "1"]

1. d4 Nf6 2. c4 e5 3. dxe5 Ng4 4. e4 Nxe5 5. f4 Nec6 6. Be3 Bb4+ 7. Nc3 Qh4+ 8. g3 Qe7 9. Qf3 Bxc3+ 10. bxc3 d6 11. Ne2 Nd7 12. Nd4 Nf6 13. Nxc6 Bg4 14. Qg2 bxc6 15. e5 0-0 16. Qxc6 dxe5 17. f5 Qa3 18. Rc1 Bxf5 19. Bg2 Ng4 20. Qf3 Nxe3 21. Qxe3 Rad8 22. 0-0 Bd3 23. Rfe1 Bxc4 24. Qxe5 Rd6 25. Qf4 Bxa2 26. c4 Qc5+ 27. Kh1 Bb3 28. h4 Rf6 29. Qe3 Qxe3 30. Rxe3 Ba4 31. Re7 Bc6 32. Rxc7 Bxg2+ 33. Kxg2 a6 34. c5 h6 35. c6 Rd8 36. Rd7 1-0

[Event "Barcelona Tancat Sant Marti 1st"]
[Site "Barcelona"]
[Date "2009.10.24"]
[Round "4"]
[White "Castillo, Sergio"]
[Black "Gonzalez Valenzuela, Didac"]
[Result "1-0"]
[WhiteElo "2123"]
[BlackElo "2143"]
[PlyCount "117"]
[EventDate "2009.10.03"]
[EventType "tourn"]
[EventRounds "9"]
[EventCountry "ESP"]
[SourceTitle "EXT 2024"]
[Source "ChessBase"]
[SourceDate "2023.10.10"]
[SourceVersion "1"]
[SourceVersionDate "2023.10.10"]
[SourceQuality "1"]

1. e4 c5 2. c3 Nf6 3. e5 Nd5 4. d4 cxd4 5. Qxd4 e6 6. Nf3 Nc6 7. Qe4 f5 8. Qe2 d6 9. g3 Qc7 10. exd6 Bxd6 11. Nbd2 0-0 12. Bg2 a5 13. Nc4 Be7 14. 0-0 Bd7 15. Re1 Rae8 16. Nce5 Bd6 17. Bd2 Bc8 18. Rad1 Bc5 19. b3 Nf6 20. Nxc6 bxc6 21. Ne5 Ne4 22. Nd3 Qa7 23. Bxe4 fxe4 24. Nxc5 Qxc5 25. c4 Qf5 26. Be3 h5 27. Rd6 Bb7 28. Rd7 Rf7 29. Red1 Ree7 30. Rxe7 Rxe7 31. Rd8+ Kh7 32. Qd1 h4 33. Qd6 Rf7 34. Qf4 Qxf4 35. Bxf4 hxg3 36. hxg3 Kg6 37. Kf1 a4 38. Ke2 axb3 39. axb3 Kf5 40. Bd2 Ba6 41. Rd6 Bb7 42. Bc3 Rc7 43. Ke3 g6 44. g4+ Kxg4 45. Rxe6 c5 46. Rxg6+ Kf5 47. Rg7 Rxg7 48. Bxg7 Ke6 49. Bf8 Kd7 50. Bxc5 Kc7 51. b4 Ba8 52. Kd4 Bb7 53. b5 Ba8 54. Be7 Kd7 55. Bb4 Kc7 56. c5 Kd7 57. c6+ Kc7 58. Bc5 Kd8 59. Kxe4 1-0

[Event "Catalunya-chT Primera Gp2"]
[Site "Catalunya"]
[Date "2008.03.02"]
[Round "6"]
[White "Mayans Calvo, Mariano"]
[Black "Gonzalez Valenzuela, Didac"]
[Result "1-0"]
[WhiteElo "2223"]
[BlackElo "2128"]
[PlyCount "69"]
[EventDate "2008.01.27"]
[EventType "team-tourn"]
[EventRounds "9"]
[EventCountry "ESP"]
[SourceTitle "EXT 2019"]
[Source "ChessBase"]
[SourceDate "2018.10.10"]
[SourceVersion "1"]
[SourceVersionDate "2018.10.10"]
[SourceQuality "1"]

1. c4 Nf6 2. Nf3 g6 3. g3 Bg7 4. Bg2 0-0 5. 0-0 d5 6. cxd5 Nxd5 7. d4 Nb6 8. Qc2 Nc6 9. Rd1 Nb4 10. Qd2 Na6 11. e4 Bd7 12. Nc3 Qc8 13. Qg5 Re8 14. Qh4 Bg4 15. h3 Bxf3 16. Bxf3 e6 17. Bh6 Qd8 18. Bg5 f6 19. Be3 Qe7 20. Be2 Nb4 21. Rac1 f5 22. Bg5 Qf8 23. Nb5 h6 24. Be3 g5 25. Qh5 f4 26. gxf4 gxf4 27. Bd2 Nc6 28. Nxc7 Nxd4 29. Bg4 f3 30. Nxa8 Rxa8 31. Kh1 e5 32. Rc7 Qf6 33. Rg1 Rf8 34. Rxg7+ Qxg7 35. Bxh6 1-0

[Event "Catalunya-ch"]
[Site "Barcelona"]
[Date "2007.04.08"]
[Round "8"]
[White "Ivanova, Svetlana"]
[Black "Gonzalez Valenzuela, Didac"]
[Result "1-0"]
[WhiteElo "2207"]
[BlackElo "2112"]
[PlyCount "87"]
[EventDate "2007.04.01"]
[EventType "swiss"]
[EventRounds "9"]
[EventCountry "ESP"]
[SourceTitle "CBM 117 Extra"]
[Source "ChessBase"]
[SourceDate "2007.05.09"]
[SourceVersion "1"]
[SourceVersionDate "2007.05.09"]
[SourceQuality "1"]

1. e4 e6 2. d4 d5 3. Nc3 Bb4 4. e5 c5 5. a3 Bxc3+ 6. bxc3 Qa5 7. Bd2 Qa4 8. Nf3 c4 9. Be2 b6 10. 0-0 Bb7 11. Qc1 Nc6 12. Qb2 0-0-0 13. Rfb1 Ba6 14. Qc1 Nge7 15. Bg5 h6 16. Rb4 Qa5 17. Bxe7 Nxe7 18. a4 Nc6 19. Qb2 Bb7 20. Rb5 Qa6 21. Nd2 Na5 22. f4 Bc6 23. Rb4 Qb7 24. Nf1 g5 25. fxg5 hxg5 26. Ne3 Rh4 27. Ng4 Rdh8 28. Qc1 Qe7 29. Qe3 Be8 30. Rbb1 Nc6 31. h3 Nb8 32. Nf6 Nd7 33. a5 Nxf6 34. axb6 axb6 35. Ra8+ Kb7 36. Rba1 Bd7 37. R1a7+ Kc6 38. Rxh8 Rxh8 39. Qxg5 Ng8 40. Qc1 Nh6 41. Bxc4 dxc4 42. Qf1 Kb5 43. Rc7 Qc5 44. dxc5 1-0

[Event "Barcelona Sants op 07th"]
[Site "Barcelona"]
[Date "2005.08.28"]
[Round "2"]
[White "Gonzalez Valenzuela, Didac"]
[Black "Almeida Quintana, Omar"]
[Result "0-1"]
[WhiteElo "2112"]
[BlackElo "2462"]
[PlyCount "60"]
[EventDate "2005.08.27"]
[EventType "swiss"]
[EventRounds "10"]
[EventCountry "ESP"]
[SourceTitle "CBM 108 Extra"]
[Source "ChessBase"]
[SourceDate "2005.11.04"]
[SourceVersion "1"]
[SourceVersionDate "2005.11.04"]
[SourceQuality "1"]

1. d4 Nf6 2. c4 c5 3. d5 e6 4. Nc3 exd5 5. cxd5 d6 6. e4 a6 7. a4 g6 8. Bd3 Bg7 9. Nge2 0-0 10. 0-0 Nbd7 11. Bg5 Qc7 12. Rc1 Re8 13. Ng3 Rb8 14. b4 c4 15. Be2 b5 16. axb5 axb5 17. Be3 h5 18. h4 Nh7 19. Bxh5 Qd8 20. Bf3 Qxh4 21. Nge2 Ne5 22. Nd4 Bg4 23. Bxg4 Nxg4 24. Nf3 Nxe3 25. fxe3 Qh6 26. Qd2 Bxc3 27. Rxc3 Rxe4 28. Qf2 f5 29. Nd4 Ng5 30. Ra1 Rh4 0-1

[Event "Fincas Mediterranea 2nd"]
[Site "Castelldefels"]
[Date "2005.08.20"]
[Round "4"]
[White "Eguia Cambero, Ignacio Javier"]
[Black "Gonzalez Valenzuela, Didac"]
[Result "1/2-1/2"]
[WhiteElo "1971"]
[BlackElo "2112"]
[PlyCount "44"]
[EventDate "2005.08.17"]
[EventType "swiss"]
[EventRounds "9"]
[EventCountry "ESP"]
[SourceTitle "CBM 107 Extra"]
[Source "ChessBase"]
[SourceDate "2005.09.01"]
[SourceVersion "1"]
[SourceVersionDate "2005.09.01"]
[SourceQuality "1"]

1. e4 e6 2. d4 d5 3. Nc3 Bb4 4. e5 c5 5. Bd2 Ne7 6. f4 Nbc6 7. Nf3 0-0 8. a3 Bxc3 9. bxc3 Nf5 10. Bd3 Nce7 11. 0-0 f6 12. Qe1 c4 13. Be2 Ng6 14. g4 Nh6 15. Qg3 f5 16. g5 Nf7 17. h4 Ne7 18. Kg2 Qa5 19. Rh1 Nd8 20. h5 Ndc6 21. Be1 a6 22. Nh4 Bd7 1/2-1/2

[Event "Barcelona Sant Marti op 04th"]
[Site "Barcelona"]
[Date "2002.06.01"]
[Round "9.8"]
[White "Diaz Lopez, Pedro"]
[Black "Gonzalez Valenzuela, Didac"]
[Result "1-0"]
[WhiteElo "2155"]
[BlackElo "1910"]
[PlyCount "79"]
[EventDate "2002.04.06"]
[EventType "swiss"]
[EventRounds "9"]
[EventCountry "ESP"]
[SourceTitle "EXT 2003"]
[Source "ChessBase"]
[SourceDate "2002.11.25"]
[SourceVersion "1"]
[SourceVersionDate "2002.11.25"]
[SourceQuality "1"]

1. d4 f5 2. e4 d6 3. Nc3 g6 4. Bd3 fxe4 5. Nxe4 Bg7 6. Ng5 Nf6 7. Qe2 0-0 8. Ne6 Bxe6 9. Qxe6+ Kh8 10. Nf3 Qd7 11. Ng5 Qxe6+ 12. Nxe6 Rc8 13. 0-0 Nc6 14. Re1 Ng8 15. c3 Nd8 16. Nxg7 Kxg7 17. Bg5 Nc6 18. Bb5 Kf8 19. f4 a6 20. Bc4 h6 21. Bxg8 hxg5 22. Be6 gxf4 23. Bxc8 Rxc8 24. Re6 Kf7 25. Rae1 Re8 26. Kf2 Nd8 27. R6e4 g5 28. h4 d5 29. Re5 e6 30. Rxg5 Kf6 31. Rg4 e5 32. dxe5+ Kf5 33. Kf3 Ne6 34. g3 fxg3 35. Kxg3 Rh8 36. Rf1+ Kxe5 37. Rg6 Nc5 38. Kg4 Nd3 39. Rf5+ Ke4 40. Re6+ 1-0

[Event "Barcelona Sant Marti op 04th"]
[Site "Barcelona"]
[Date "2002.05.25"]
[Round "8.18"]
[White "Perez de Villar Framil, Antonio"]
[Black "Gonzalez Valenzuela, Didac"]
[Result "0-1"]
[WhiteElo "1835"]
[BlackElo "1910"]
[PlyCount "110"]
[EventDate "2002.04.06"]
[EventType "swiss"]
[EventRounds "9"]
[EventCountry "ESP"]
[SourceTitle "EXT 2003"]
[Source "ChessBase"]
[SourceDate "2002.11.25"]
[SourceVersion "1"]
[SourceVersionDate "2002.11.25"]
[SourceQuality "1"]

1. e4 c5 2. Nc3 e6 3. Bc4 a6 4. Nf3 b5 5. Be2 d5 6. d3 d4 7. Nb1 Nc6 8. Bf4 Bd6 9. e5 Bb8 10. c3 Nge7 11. Nbd2 Ng6 12. Bg5 Qb6 13. cxd4 cxd4 14. Rc1 Bb7 15. Nb3 Ngxe5 16. Nc5 Nd7 17. Nxb7 Qxb7 18. Qc2 Ne7 19. Nxd4 Nb6 20. Bf3 Ned5 21. 0-0 0-0 22. Rfe1 Qd7 23. Qc6 Qd6 24. Qxd6 Bxd6 25. Rc6 Bb4 26. Rec1 h6 27. Bh4 Rfc8 28. Bxd5 exd5 29. h3 Rxc6 30. Rxc6 Nd7 31. Nf5 Ne5 32. Rc7 Nxd3 33. a3 Bf8 34. b4 a5 35. Be7 axb4 36. axb4 Rb8 37. Nd6 Bxe7 38. Rxe7 Nxb4 39. Rxf7 Rd8 40. Nb7 Kxf7 41. Nxd8+ Kf6 42. Kf1 Ke5 43. Nf7+ Kd4 44. Ke2 Na2 45. Kd2 Nc3 46. Nd6 Ne4+ 47. Nxe4 dxe4 48. Kc2 Kc4 49. Kb2 b4 50. Kc2 b3+ 51. Kb2 Kb4 52. g3 g6 53. g4 g5 54. Kc1 Kc3 55. Kb1 b2 0-1